[Event "GER-chT U16"]
[Site "Magdeburg"]
[Date "2023.12.28"]
[Round "4.10"]
[White "Ammann, Samuel"]
[Black "Kauth, Lukas Michael"]
[Result "0-1"]
[WhiteElo "1502"]
[BlackElo "1696"]
[PlyCount "96"]
[EventDate "2023.12.26"]
[EventType "team-swiss"]
[EventRounds "7"]
[EventCountry "GER"]
[SourceTitle "CB03_2024"]
[SourceDate "2024.01.17"]
[SourceVersion "1"]
[SourceVersionDate "2024.01.17"]
[SourceQuality "1"]
[WhiteTeam "Regensburg Bavaria"]
[BlackTeam "Bebenhausen"]
[WhiteTeamCountry "GER"]
[BlackTeamCountry "GER"]

1. d4 Nf6 2. c4 e6 3. Nf3 Bb4+ 4. Bd2 Qe7 5. e3 b6 6. Bd3 Bb7 7. 0-0 0-0 8. Nc3 d5 9. cxd5 exd5 10. a3 Bd6 11. Nb5 Ba6 12. Qc2 Bxb5 13. Bxb5 Ne4 14. Rfc1 a5 15. Rab1 Ra7 16. Bc3 Nd7 17. Bc6 Ndf6 18. Ne5 Nxc3 19. Qxc3 Rd8 20. f4 Ne4 21. Qd3 Bxe5 22. dxe5 Qe6 23. b4 axb4 24. axb4 Ra2 25. b5 Rxg2+ 26. Kxg2 Qg4+ 27. Kf1 Qf3+ 28. Kg1 Nf2 29. Qf1 Nh3+ 30. Qxh3 Qxh3 31. Rb3 d4 32. Rd3 Qg4+ 33. Bg2 Qe2 34. Rcd1 g6 35. exd4 h5 36. d5 Qc2 37. d6 Qc5+ 38. Kh1 cxd6 39. Rxd6 Rc8 40. Bc6 Qf2 41. R6d4 h4 42. h3 Kg7 43. R1d2 Qe1+ 44. Kg2 Qg3+ 45. Kh1 Qxh3+ 46. Kg1 Qg3+ 47. Kh1 h3 48. Rd1 Rxc6 0-1

[Event "GER-chT U16"]
[Site "Magdeburg"]
[Date "2023.12.28"]
[Round "3.8"]
[White "Kauth, Lukas Michael"]
[Black "Berresheim, Nils"]
[Result "1-0"]
[WhiteElo "1696"]
[BlackElo "1772"]
[PlyCount "43"]
[EventDate "2023.12.26"]
[EventType "team-swiss"]
[EventRounds "7"]
[EventCountry "GER"]
[SourceTitle "CB03_2024"]
[SourceDate "2024.01.17"]
[SourceVersion "1"]
[SourceVersionDate "2024.01.17"]
[SourceQuality "1"]
[WhiteTeam "Bebenhausen"]
[BlackTeam "Essen Katernberg"]
[WhiteTeamCountry "GER"]
[BlackTeamCountry "GER"]

1. e4 c5 2. Nf3 d6 3. d4 cxd4 4. Nxd4 Nf6 5. Nc3 a6 6. h3 b5 7. a4 b4 8. Nd5 e6 9. Nxf6+ Qxf6 10. Be3 Bb7 11. Qd2 d5 12. 0-0-0 h6 13. g4 e5 14. g5 Qb6 15. exd5 exd4 16. Bxd4 Qg6 17. Qe3+ Kd7 18. Bd3 Qxg5 19. f4 Qh5 20. Be2 Qg6 21. Rhg1 Qd6 22. Bg4+ 1-0

[Event "GER-chT U16"]
[Site "Magdeburg"]
[Date "2023.12.27"]
[Round "1.4"]
[White "Kauth, Lukas Michael"]
[Black "Deschler, Arne"]
[Result "0-1"]
[WhiteElo "1696"]
[BlackElo "1953"]
[PlyCount "122"]
[EventDate "2023.12.26"]
[EventType "team-swiss"]
[EventRounds "7"]
[EventCountry "GER"]
[SourceTitle "CB03_2024"]
[SourceDate "2024.01.17"]
[SourceVersion "1"]
[SourceVersionDate "2024.01.17"]
[SourceQuality "1"]
[WhiteTeam "Bebenhausen"]
[BlackTeam "Nuernberg Noris Tarrasch"]
[WhiteTeamCountry "GER"]
[BlackTeamCountry "GER"]

1. e4 c6 2. d4 d5 3. e5 Bf5 4. Nd2 e6 5. Nb3 c5 6. dxc5 Bxc5 7. Nxc5 Qa5+ 8. c3 Qxc5 9. Be3 Qc7 10. f4 Ne7 11. Nf3 Nbc6 12. Be2 0-0 13. 0-0 Rac8 14. Rc1 Bg6 15. Bc5 Nxe5 16. Bxe7 Nxf3+ 17. Rxf3 Qxe7 18. Bd3 Bxd3 19. Qxd3 f5 20. Re3 Qd6 21. Rce1 Rf6 22. Qe2 Rc6 23. g3 Qc5 24. Kg2 Qc4 25. Qxc4 dxc4 26. Rd1 Kf8 27. Re2 Rf7 28. Red2 Rfc7 29. Rd8+ Ke7 30. Rg8 Kf7 31. Rgd8 h6 32. R1d7+ Kf6 33. a4 Rxd7 34. Rxd7 Rb6 35. Rc7 Rxb2+ 36. Kh3 g5 37. fxg5+ hxg5 38. g4 f4 39. Rxc4 e5 40. a5 a6 41. Re4 Ke6 42. c4 Ra2 43. c5 Rxa5 44. Rb4 Rb5 45. Rc4 Kd5 46. Rc2 Rxc5 47. Rb2 b5 48. Rd2+ Ke4 49. Re2+ Kd3 50. Rf2 e4 51. Rf3+ e3 52. Rf1 e2 53. Ra1 b4 54. Rb1 a5 55. Ra1 Ke3 56. Rb1 Rc3 57. Rg1 Kf2+ 58. Rg3 fxg3 59. hxg3 Rxg3+ 60. Kh2 a4 61. Kh1 Rh3# 0-1

[Event "GER-ch U25-B"]
[Site "Willingen"]
[Date "2023.05.30"]
[Round "4"]
[White "Strohschaen, Michel"]
[Black "Kauth, Lukas Michael"]
[Result "1-0"]
[WhiteElo "1718"]
[BlackElo "1315"]
[PlyCount "105"]
[EventDate "2023.05.27"]
[EventType "swiss"]
[EventRounds "9"]
[EventCountry "GER"]
[SourceTitle "CBM 214 Extra"]
[Source "ChessBase"]
[SourceDate "2023.07.31"]
[SourceVersion "1"]
[SourceVersionDate "2023.07.31"]
[SourceQuality "1"]

1. e4 e5 2. Nf3 Nc6 3. Bc4 Bc5 4. c3 Nf6 5. d3 d6 6. 0-0 a6 7. h3 Ba7 8. Re1 h6 9. a3 g5 10. Nh2 g4 11. hxg4 h5 12. Be3 Nxg4 13. Nxg4 hxg4 14. g3 Qf6 15. Bxa7 Qh6 16. Kf1 Qh1+ 17. Ke2 Qf3+ 18. Kd2 Qxd1+ 19. Kxd1 Nxa7 20. Nd2 Ke7 21. Ke2 Bd7 22. Rh1 Nc6 23. Rag1 a5 24. Nf1 Rag8 25. Ne3 Rh3 26. Rxh3 gxh3 27. Kf3 Kf6 28. g4 Kg5 29. Kg3 Rh8 30. Bxf7 Rf8 31. Bb3 Rf4 32. f3 Nd4 33. cxd4 exd4 34. Nf5 a4 35. Bc2 d5 36. Nxd4 dxe4 37. dxe4 Bxg4 38. fxg4 h2 39. Kxh2 Rf2+ 40. Rg2 Kf4 41. Rxf2+ Ke3 42. Rg2 c5 43. Ne2 Kd2 44. Bxa4 c4 45. e5 b5 46. Bxb5 c3 47. Nxc3+ Kc1 48. Na4 Kb1 49. b3 Ka1 50. e6 Kb1 51. e7 Ka1 52. e8R Kb1 53. Re1# 1-0

[Event "GER-ch U25-B"]
[Site "Willingen"]
[Date "2023.05.28"]
[Round "2"]
[White "Storm, Max"]
[Black "Kauth, Lukas Michael"]
[Result "1-0"]
[WhiteElo "1703"]
[BlackElo "1315"]
[PlyCount "93"]
[EventDate "2023.05.27"]
[EventType "swiss"]
[EventRounds "9"]
[EventCountry "GER"]
[SourceTitle "CBM 214 Extra"]
[Source "ChessBase"]
[SourceDate "2023.07.31"]
[SourceVersion "1"]
[SourceVersionDate "2023.07.31"]
[SourceQuality "1"]

1. e4 c6 2. d4 d5 3. exd5 cxd5 4. Bd3 Nc6 5. c3 Qc7 6. Ne2 Bg4 7. f3 Bd7 8. Bf4 e5 9. dxe5 Nxe5 10. Bxe5 Qxe5 11. 0-0 Bd6 12. Ng3 Ne7 13. Re1 Qg5 14. Qd2 Bf4 15. Qe2 Be6 16. Nf1 0-0 17. g3 Rfe8 18. h4 Qf6 19. gxf4 Qxf4 20. Qf2 Bf5 21. Qe3 Qxh4 22. Bxf5 g6 23. Bd7 Nf5 24. Qxe8+ Rxe8 25. Rxe8+ Kg7 26. Bxf5 Qg5+ 27. Kf2 Qxf5 28. Nbd2 h5 29. Rae1 d4 30. cxd4 Qd5 31. Nb3 Qc4 32. R8e3 Qc2+ 33. R1e2 Qb1 34. a3 b6 35. Rd2 h4 36. d5 h3 37. d6 h2 38. Nxh2 Qh1 39. Nf1 Qh4+ 40. Ke2 Qc4+ 41. Ke1 Qh4+ 42. Kd1 Qc4 43. Red3 Qc1+ 44. Kxc1 Kf6 45. d7 Ke5 46. d8Q f5 47. Qd6# 1-0

[Event "GER-chT U20"]
[Site "Muenster"]
[Date "2022.12.29"]
[Round "6"]
[White "Kamp, Aaron"]
[Black "Kauth, Lukas Michael"]
[Result "1-0"]
[WhiteElo "1850"]
[BlackElo "1488"]
[PlyCount "119"]
[EventDate "2022.12.26"]
[EventType "team-swiss"]
[EventRounds "7"]
[EventCountry "GER"]
[SourceTitle "CBM 212 Extra"]
[Source "ChessBase"]
[SourceDate "2023.03.31"]
[SourceVersion "1"]
[SourceVersionDate "2023.03.31"]
[SourceQuality "1"]
[WhiteTeam "Muenster"]
[BlackTeam "Bebenhausen"]
[WhiteTeamCountry "GER"]
[BlackTeamCountry "GER"]

1. e4 c6 2. c4 d5 3. cxd5 cxd5 4. exd5 Nf6 5. Qa4+ Bd7 6. Qb3 Qc7 7. Nc3 e6 8. dxe6 Bxe6 9. Bb5+ Nbd7 10. Bxd7+ Qxd7 11. Qb5 Bd6 12. Qxd7+ Bxd7 13. d4 0-0 14. Nge2 b5 15. 0-0 b4 16. Nd1 Bb5 17. Re1 Rfe8 18. Ne3 Rad8 19. b3 a5 20. Bb2 Kf8 21. Rac1 Ng4 22. Nxg4 Rxe2 23. Rxe2 Bxe2 24. Ne3 Be7 25. d5 Bg5 26. Re1 Bxe3 27. fxe3 Bd3 28. e4 f5 29. exf5 Bxf5 30. Rf1 Rxd5 31. g4 g6 32. gxf5 gxf5 33. Rf2 Ke7 34. Kg2 Ke6 35. Re2+ Kd6 36. Bc1 Kc5 37. Be3+ Kc6 38. Kf3 Kb5 39. Kf4 a4 40. Rd2 Rxd2 41. Bxd2 axb3 42. axb3 Kc5 43. Kxf5 h6 44. Kg6 h5 45. Kxh5 Kd4 46. Bxb4 Kd3 47. Bc5 Kc3 48. b4 Kc4 49. Kg6 Kb5 50. h4 Kc4 51. h5 Kb5 52. h6 Kc4 53. h7 Kb5 54. h8Q Kc4 55. Qe8 Kd5 56. Kf5 Kc4 57. Ke4 Kb3 58. Kd3 Ka2 59. Kc2 Ka3 60. Qa8# 1-0